000
00298nam a2200097Ia 4500
008
171211s9999 xx 000 0 und d
245
_a
Building Websites with HTML5 to Work with Mobile Phones
260
_c
2011
650
_x
Web Development
856
_u
http://down.ebook777.com/009/9780240818856.pdf
999
_c
350103
_d
350103